000 00510nam a2200193 4500
008 241217b |||||||| |||| 00| 0 eng d
020 _a978-9937-9291-4-1
041 _aENG
082 _223rd.
_a301 / A44s
100 _aAcharya, Bala Ram
245 _aSociology grade-11 /
_cBala Ram Acharya.
260 _aKathmandu:
_bNational Book Center,
_c2077BS.
300 _a180 p.
504 _aInclude bibliography
650 _aSociology
650 _aSociety
650 _aPolitics
942 _2ddc
_cISBN
999 _c118481
_d118469